Länder mit der höchsten Punktzahl in Scrabble - Statistiken

Allgemein
  • Dieses Quiz wurde 97 mal gespielt
  • Das Durchschnittsergebnis liegt bei 7 aus 16
Antwortstatistiken
Punkte Kontinent Land % Korrekt
21 Südamerika Paraguay
64%
33 Afrika Äquatorialguinea
58%
20 Afrika Südafrika
58%
20 Asien Tadschikistan
54%
22 Europa Luxemburg
51%
20 Asien Malaysia
51%
20 Asien Myanmar
48%
20 Europa Nordmazedonien
43%
28 Afrika Elfenbeinküste
41%
20 Europa Vatikanstadt
41%
22 Asien Philippinen
36%
20 Asien Zypern
34%
25 Afrika Seychellen
33%
21 Europa Österreich
31%
22 Asien Kambodscha
27%
20 Europa Frankreich
22%
Keine übereinstimmenden Quizze gefunden
Verteilung der Resultate
Anzahl Personen mit jedem Resultat
Perzentil nach korrekt beantworteten Fragen
Ihre Resultats-Entwicklung
Sie haben dieses Quiz noch nicht gespielt